Photophysics, Photochemical and Substitution Reactions (Record no. 34780)
[ view plain ]
| 000 -LEADER | |
|---|---|
| fixed length control field | 00403nam a2200121Ia 4500 |
| 008 - FIXED-LENGTH DATA ELEMENTS--GENERAL INFORMATION | |
| fixed length control field | 220620s9999||||xx |||||||||||||| ||und|| |
| 020 ## - INTERNATIONAL STANDARD BOOK NUMBER | |
| International Standard Book Number | 9781840000000 |
| 245 #0 - TITLE STATEMENT | |
| Title | Photophysics, Photochemical and Substitution Reactions |
| Remainder of title | Recent Advances |
| 546 ## - LANGUAGE NOTE | |
| Language note | English[eng] |
| 700 ## - ADDED ENTRY--PERSONAL NAME | |
| Personal name | Saha, Satyen||Kumar Kanaparthi, Ravi||Soldatovi?, Tanja V. |
| 856 ## - ELECTRONIC LOCATION AND ACCESS | |
| Uniform Resource Identifier | <a href="https://www.intechopen.com/books/8085">https://www.intechopen.com/books/8085</a> |
| 942 ## - ADDED ENTRY ELEMENTS (KOHA) | |
| Koha item type | E-Books |
| Withdrawn status | Lost status | Damaged status | Not for loan | Home library | Current library | Date acquired | Total Checkouts | Date last seen | Price effective from | Koha item type |
|---|---|---|---|---|---|---|---|---|---|---|
| Kerala University of Digital Sciences, Innovation and Technology Knowledge Centre | Kerala University of Digital Sciences, Innovation and Technology Knowledge Centre | 20/06/2022 | 20/06/2022 | 20/06/2022 | E-Books |